|
|
|
|
| LEADER |
02786nam a2200457 i 4500 |
| 001 |
nkc20213370455 |
| 003 |
CZ PrNK |
| 005 |
20220228103009.0 |
| 007 |
ta |
| 008 |
211109s2021 xr g 000 f cze |
| 015 |
|
|
|a cnb003370455
|
| 020 |
|
|
|a 978-80-7565-662-9
|q (vázáno)
|
| 035 |
|
|
|a (OCoLC)1296109205
|
| 040 |
|
|
|a ABG001
|b cze
|e rda
|
| 041 |
1 |
|
|a cze
|h eng
|
| 072 |
|
7 |
|a 821.111-3
|x Anglická próza, anglicky psaná
|2 Konspekt
|9 25
|
| 080 |
|
|
|a 821.111(931)-31
|2 MRF
|
| 080 |
|
|
|a (0:82-312.5)
|2 MRF
|
| 100 |
1 |
|
|a Parker, Lucy
|7 xx0266347
|4 aut
|
| 240 |
1 |
0 |
|a Act like it.
|l Česky
|
| 245 |
1 |
0 |
|a Prostě to zahrej /
|c Lucy Parkerová ; z anglického originálu Act like it ... přeložila Ina Leckie
|
| 250 |
|
|
|a Vydání první
|
| 264 |
|
1 |
|a V Brně :
|b Jota,
|c 2021
|
| 300 |
|
|
|a 335 stran ;
|c 21 cm
|
| 336 |
|
|
|a text
|b txt
|2 rdacontent
|
| 337 |
|
|
|a bez média
|b n
|2 rdamedia
|
| 338 |
|
|
|a svazek
|b nc
|2 rdacarrier
|
| 520 |
2 |
|
|a Romantický milostný román novozélandské autorky o herci, který přestává být oblíbený kvůli svému chování a velmi oblíbené herečce, která má zachránit image divadla tím, že s neoblíbeným hercem začne chodit. Co je pravda a co jako herci hrají?
|b Divadelní hvězda Richard Troy vždy uměl lámat srdce fanynkám v celém Londýně, ale poslední dobou neumí krotit prchlivost. Každý se někdy rád nadchne pro záporného hrdinu, jenže Richard se svým vyváděním pasuje do role nepřítele číslo jedna a jeho příznivci se od něj houfně a zklamaně odvracejí. PR oddělení chudnoucího divadla však přijde s geniálním nápadem - aby si Richard zlepšil reputaci na veřejnosti, začne naoko chodit s oblíbenou slušňáckou herečkou Elaine Grahamovou! Richard se brání zuby nehty a Elaine z toho taky není nadšená. Z různých zdrojů probleskuje, že nesourodá dvojice už byla spatřena na různých společenských akcích veřejně, ruku v ruce, bok po boku. A lidé je sledují. Mohlo by v tom být zrnko pravdy? Mohla by taková napohled nereálná láska být skutečná, nebo to na nás oba talentovaní herci prostě jen hrají? Nakladatelská anotace.
|
| 655 |
|
7 |
|a novozélandské romány
|7 fd132920
|2 czenas
|
| 655 |
|
7 |
|a milostné romány
|7 fd132840
|2 czenas
|
| 655 |
|
9 |
|a New Zealand fiction
|2 eczenas
|
| 655 |
|
9 |
|a love novels
|2 eczenas
|
| 700 |
1 |
|
|a Leckie, Ina
|7 xx0046225
|4 trl
|
| 787 |
0 |
8 |
|i Z cyklu:
|t Londýnské celebrity
|g 1
|
| 910 |
2 |
|
|a BOA001
|b 2-1478.600
|
| 920 |
|
|
|a 4620766
|z ABG001
|
| 990 |
|
|
|a BK
|
| 995 |
|
|
|a 01
|
| 991 |
|
|
|b 202201
|c NOV
|
| 996 |
6 |
|
|b 2610890135
|c 2-1478.600
|l MZK
|r Sklad / do 1 hodiny
|n 0
|p p.v.
|w 001873259
|u 000010
|a 1
|e BOA001
|j MZK50
|s P
|
| 996 |
7 |
|
|b 2610890136
|c 2-1478.600
|l MZK
|r Sklad / do 1 hodiny
|n 3
|p p.v.
|w 001873259
|u 000020
|a 1
|e BOA001
|j MZK50
|s A
|